| 000 | 00693nam a2200289Ia 4500 | ||
|---|---|---|---|
| 005 | 20260324144052.0 | ||
| 008 | 008 260324s9999 xx 000 0 eng d | ||
| 020 | _a9781315888569 | ||
| 037 | _aEBOOK | ||
| 040 | _aCRL | ||
| 040 | _beng | ||
| 040 | _cCRL | ||
| 041 | _2eng | ||
| 041 | _aeng | ||
| 084 | _qCRL | ||
| 100 |
_aIan Parker _91157265 |
||
| 245 | 4 | _aThe Crisis in Modern Social Psychology (Psychology Revivals) | |
| 245 | 4 | _band how to end it | |
| 260 | _bTaylor and Francis | ||
| 260 | _c1989 | ||
| 365 | _a | ||
| 365 | _b205 | ||
| 856 | _uhttp://www.taylorfrancis.com/books/9781315888569 | ||
| 942 | _cEBOOK | ||
| 999 |
_c1824127 _d1824127 |
||